2005 Football League Cup Final (Chelsea vs Liverpool) - Lineups - Statistics

General Stats
  • This quiz has been taken 213 times
  • The average score is 18 of 34
Answer Stats
Position Answer % Correct
CM (C) (1:1 o.g.) Steven Gerrard
97%
GK Petr Čech
95%
CB (C) John Terry
94%
CM Frank Lampard
91%
CB Jamie Carragher
90%
CF (1:2) Didier Drogba
89%
GK Jerzy Dudek
87%
RW (81') Joe Cole
83%
Coach Rafael Benitez
72%
DM Claude Makelele
70%
Coach Jose Mourinho
70%
CB Ricardo Carvalho
69%
LM (1:0) John Arne Riise
68%
CB Sami Hyypia
67%
FW (74') Milan Baroš
65%
RM Luis Garcia
61%
RB Steve Finnan
60%
LW Damien Duff
57%
RB Paulo Ferreira
52%
LB (67') Djimi Traore
51%
SS (56') Harry Kewell
50%
CM Dietmar Hamann
46%
LB (74') William Gallas
40%
FW (45') Eidur Gudjohnsen
38%
FW (74',1:3) Mateja Kežman
28%
DF (81') Glen Johnson
27%
CF (74') Fernando Morientes
26%
MF Tiago
23%
DF (67') Igor Bišćan
21%
GK Scott Carson
19%
MF (56',2:3) Antonio Nunez
16%
CM (45') Jiri Jarošik
10%
GK Lenny Pidgeley
6%
DF Mauricio Pellegrino
3%
No matching quizzes found
Score Distribution
Percent of People with Each Score
Percentile by Number Answered
Your Score History
You have not taken this quiz